000 00562nam a22001817a 4500
005 20251108171934.0
008 250721s1991 xx 000 0 ara d
082 1 4 _a189/فار
100 1 _aالفارابي، أبو النصر محمد بن محمد بن طرفان
245 1 0 _aكتاب الملة و نصوص أخرى /
250 _aط2
264 1 _aبيروت :
_bدار المشرق،
_c1991.
300 _a137ص
650 1 7 _aالفلسفة الإسلامية
700 1 _aمهدي، محسن
_eتحقيق
942 _2ddc
_cBK
999 _c66419
_d66419